5HLuxD.jpg

KING HENRY VIII SENIOR AND PRIMARY SCHOOL LIBRARY OPAC

GORILLAS (Record no. 5052)

000 -LEADER
fixed length control field 00291nam a22001217a 4500
008 - FIXED-LENGTH DATA ELEMENTS--GENERAL INFORMATION
fixed length control field 250516b ||||| |||| 00| 0 eng d
020 ## - INTERNATIONAL STANDARD BOOK NUMBER
International Standard Book Number 9781628320435
082 ## - DEWEY DECIMAL CLASSIFICATION NUMBER
Classification number 599.884 RIG
100 ## - MAIN ENTRY--PERSONAL NAME
Personal name RIGGS,KATE
Relator term AUTHOR
245 ## - TITLE STATEMENT
Title GORILLAS
260 ## - PUBLICATION, DISTRIBUTION, ETC.
Place of publication, distribution, etc. MINNESOTA
Name of publisher, distributor, etc. CREATIVE PAPERBACKS
942 ## - ADDED ENTRY ELEMENTS (KOHA)
Source of classification or shelving scheme
Holdings
Withdrawn status Lost status Source of classification or shelving scheme Damaged status Not for loan Collection code Permanent Location Current Location Shelving location Date acquired Total Checkouts Full call number Barcode Date last seen Date last checked out Price effective from Koha item type Public note
          Fiction KH8 Primary School Library KH8 Primary School Library Fiction 2025-05-16 2 599.884 RIG 3KHPL000002135 2025-12-05 2025-09-30 2025-05-16 Books - Fiction KH8 PRIMARY LIBRARY

Powered By KH8 IT Dept